• 首页
  • 本馆介绍
  • 公告通知
  • 最新文献
  • 馆藏检索
  • 电子资源
  • 读者导购
  • 参考咨询
  • 我的图书馆
  • 登录
  • 详细信息显示
  • 放入我的书架
  • 预约/预借图书
  • 作者相关作品
  • 分类相关作品
  • 丛书相关作品
  • 出版社相关作品

书目信息

  • 表格格式
  • 工作单格式
  • 卡片格式
题名:
儒家文化的困境
    
 
作者: 萧功秦 著
分册:  
出版信息: 桂林   广西师范大学出版社  2006
页数: 174页
开本: 21cm
丛书名: 漩涡·文化系列丛书
单 册:
中图分类: K103 , B222.05
科图分类:
主题词: 知识分子--关系--比较文化--研究--近代 , 知识分子 , 比较文化 , 先秦哲学
电子资源:
ISBN: 7-5633-6022-0
000 01102oam2 2200313 450
001 1133699130
005 20110929092346.28
010    @a7-5633-6022-0@dCNY18.00
100    @a20060803d2006 em y0chiy50 ea
101 0  @achi
102    @aCN@b450000
105    @ay z 000yy
106    @ar
200 1  @a儒家文化的困境@e近代士大夫与中西文化碰撞@f萧功秦著@Aru jia wen hua de kun jing
210    @a桂林@c广西师范大学出版社@d2006
215    @a174页@d21cm
225 2  @a漩涡·文化系列丛书
330    @a本书从近代中国正统士大夫的文化心理、认识心理与社会心理三个层面上展开分析,考察他们对于异质文化的排斥态度、极端保守和少数先觉者内心的苦闷与压抑。
461  0 @1001003243622
517 1  @a近代士大夫与中西文化碰撞@Ajin dai shi dai fu yu zhong xi wen hua peng zhuang
606 0  @a知识分子@x关系@x比较文化@x研究@z近代
606 0  @a知识分子
606 0  @a比较文化
606 0  @a先秦哲学
690    @aK103@v4
690    @aB222.05@v4
701  0 @a萧功秦@f(1946~)@4著@Axiao gong qin
801  0 @aCN@b大连网信软件有限公司图书馆·11@c20110929
905    @a10447@dB222.05@eJY101
    
    儒家文化的困境:近代士大夫与中西文化碰撞/萧功秦著.-桂林:广西师范大学出版社,2006
    174页;21cm .-(漩涡·文化系列丛书 )
    
    
    ISBN 7-5633-6022-0:CNY18.00
    本书从近代中国正统士大夫的文化心理、认识心理与社会心理三个层面上展开分析,考察他们对于异质文化的排斥态度、极端保守和少数先觉者内心的苦闷与压抑。
●
相关链接 在E读中查询图书 在五车中查询图书 在当当中查询图书 在豆瓣中查询图书


正题名:儒家文化的困境     索取号:B222.05/JY101         预约/预借

序号 登录号 条形码 馆藏地/架位号 状态 备注
1 7824578   278245784   学院路分馆/ [索取号:B222.05/JY101] 在馆    
2 7824579   278245793   学院路分馆/ [索取号:B222.05/JY101] 在馆    
唐山师范学院图书馆 欢迎您!
大连网信软件有限公司© 版权所有